01708nam a22003977a 4500003000500000005001700005008004100022010000800063011000900071035000800080040000900088090001000097100003800107245020400145260004200349300001100391502006700402590003700469590004100506590004100547590004100588590004100629590004200670650003100712650003400743650002100777650003600798710007800834901000700912942000900919949004800928949005300976999001301029952013301042952013501175CHAP20220329132924.0971013s1989 r 00010 d a287 a1259 a435 cCHAP aTesis00aMacías Cervantes, Jaime.969495 aEfecto de dos sistemas de labranza sobre el rendimiento, la respuesta a la fertilización nitrogenada y fosfatada y la rentabilidad económica en cinco rotaciones de cultivos en la Sierra de Sonora aMontecillo, Méx. :bEl autor,c1989 a205 h. aTesis (M.C. Esp. en Edafología)-- CP. Centro de Edafología aALEPHb10c20130110lUCH01h1204 aBATCH-UPDb10c20130110lUCH01h1140 aBATCH-UPDb10c20130410lUCH01h0726 aBATCH-UPDb10c20130913lUCH01h2250 aBATCH-UPDb10c20130914lUCH01h1711 aCONVERSIONb10c20130109lUCH01h130214aAgriculturaxSonora.9182414aCultivosxRendimiento.93031814aLabranza.96430314aRotación de cultivos.91002430 aColegio de Postgraduados. Chapingo, Méx. Centro de Edafología.925074 aBK cFOLL bBCcTESd33724000667440eTS1h22566i435si bBCcTESd33724000905055eTS2fc.2h22567i435si c287d287 00102local4053708TESISaBCbBCcPA_TESISd2019-12-31fTESISl0p33724000905055r2019-12-31 00:00:00tc.2w2019-12-31yTESIS 00102local4051708TESISaBCbBCcPA_TESISd2019-12-31fTESISl0oTesisp33724000667440r2019-12-31 00:00:00w2019-12-31yTESIS